<?xml version="1.0" encoding="UTF-8"?>
<marc:record xmlns:marc="http://www.loc.gov/MARC21/slim">
   <marc:leader>00000nam a2200000 a 4500</marc:leader>
   <marc:datafield ind1="0" ind2="0" tag="245">
      <marc:subfield code="a">Wilde Türkei</marc:subfield>
   </marc:datafield>
   <marc:datafield ind1="0" ind2="0" tag="245">
      <marc:subfield code="b">vom Ararat zum Bosporus</marc:subfield>
   </marc:datafield>
   <marc:datafield ind1=" " ind2="1" tag="264">
      <marc:subfield code="a">München</marc:subfield>
      <marc:subfield code="b">polyband Medien GmbH</marc:subfield>
      <marc:subfield code="c">2008</marc:subfield>
   </marc:datafield>
   <marc:datafield ind1="1" ind2=" " tag="520">
      <marc:subfield code="a">Viele kennen die Türkei nur von ihren kilometerlangen Badestränden. Doch das Land jenseits des Bosporus bietet viel mehr: Schroffe Hochgebirge, subtropische Wälder, karge Halbwüsten und verschneite Vulkanlandschaften. Diese Lebensräume sind von einer Vielzahl besonderer Tiere und Pflanzen bewohnt, denn die Türkei ist eine Brücke zwischen den Kontinenten. Die hochwertige Produktion &#x84;Wilde Türkei&#x93; präsentiert die vielfältige Natur des vom Klima verwöhnten Landes: Die Weiten Ostanatoliens beherbergen noch Orchideenwiesen, die bis zum Horizont reichen, und Vulkanlandschaften, in denen fremdartige Geschöpfe leben wie Krötenkopfagamen, Boas und Walzenspinnen. Die Schwarzmeerberge mit ihren feuchten und bunt blühenden Wäldern aus Buchen und Rhododendren sind Heimat von Kaukasusbirkhühnern und Braunbären, die hier in friedlicher Koexistenz mit den Bergbauern leben ...</marc:subfield>
   </marc:datafield>
   <marc:datafield ind1=" " ind2=" " tag="020">
      <marc:subfield code="a">4006448755607</marc:subfield>
      <marc:subfield code="9">4006448755607</marc:subfield>
   </marc:datafield>
   <marc:datafield ind1="3" ind2=" " tag="024">
      <marc:subfield code="a">4006448755607</marc:subfield>
   </marc:datafield>
   <marc:datafield ind1="0" ind2=" " tag="490">
      <marc:subfield code="v">0</marc:subfield>
   </marc:datafield>
   <marc:datafield ind1=" " ind2=" " tag="300">
      <marc:subfield code="a">2 DVDs (PAL, Ländercode 2, ca. 90 Min.) : farbig, mit Ton</marc:subfield>
   </marc:datafield>
</marc:record>
